New Trends in Marketing with Focus on Social Network Facebook

Saved in:
Bibliographic Details
Main Author: Mucha, Martin
Format: Book Chapter
Language:English
Subjects:
Tags: Add Tag
No Tags, Be the first to tag this record!

MARC

LEADER 00000nla a2200000 4500
001 0234029
005 20240502073811.1
041 0 |a eng 
044 |a SK 
245 1 0 |a New Trends in Marketing with Focus on Social Network Facebook  |c Martin Mucha 
500 |a Abstrakt 
610 2 0 |a komunikácia 
610 2 0 |a médiá 
610 2 0 |a siete sociálne 
610 2 0 |a marketing 
610 2 0 |a marketing elektronický 
100 1 |a Mucha, Martin